000 00804nam a2200265 u 4500
001 000020735
003 DO-SdBNP
005 20260414130834.0
007 ta
008 100813s2014 dr aco er 001 0dspa d
020 _a9789945468519
040 _aDO-SdBNP
_bspa
_cBNPHU
082 4 _aRD864.44
_bA581p
_222
100 1 _aÁngeles, Francisco
_943491
245 1 0 _aPara recordar siempre /
_cFrancisco Ángeles.
260 _aSanto Domingo :
_bAlfa y Omega,
_c2014.
300 _a290 p. :
_bil., fots., retrs. ;
_c28 cm.
500 _aIncluye datos biográficos del autor en las solapas
590 _aInventariado, 2022/MFF
650 0 _aEnsayos dominicanos
_965
650 4 _aLiteratura dominicana
650 0 _aBiografía
_94997
910 _aValidado. Control de calidad MFF
942 _2ddc
_cLBS1
999 _c20239
_d20239